[Event "Rilton Cup 2015-16"]
[Site "Stockholm SWE"]
[Date "2015.12.30"]
[Round "4"]
[White "Golubka, Petro"]
[Black "Hakimifard, Ghazal"]
[Result "0-1"]
[WhiteElo "2406"]
[BlackElo "2169"]
[WhiteFideId "-1"]
[BlackFideId "-1"]
[PlyCount "64"]
[GameId "2130307649601341"]
[EventDate "2015.12.27"]
[EventType "swiss"]
[EventRounds "9"]
[EventCountry "SWE"]
[SourceTitle "Mega2016 Update 14"]
[Source "Chessbase"]
[SourceDate "2016.01.08"]
[SourceVersion "1"]
[SourceVersionDate "2016.01.08"]
[SourceQuality "1"]

1. d4 Nf6 2. c4 e6 3. Nc3 Bb4 4. Qc2 c5 5. dxc5 O-O 6. Nf3 Na6 7. Bd2 Nxc5 8. a3 Bxc3 9. Bxc3 Nce4 10. Bd4 b6 11. g3 Bb7 12. Bg2 Qc7 13. Rc1 Rac8 14. b3 d5 15. Qb2 Rfd8 16. O-O Qe7 17. Ne5 Ne8 18. cxd5 Bxd5 19. Nd3 f6 20. f3 N4d6 21. Rxc8 Rxc8 22. e4 Bb7 23. a4 Ba6 24. Rd1 Nb7 25. e5 Rd8 26. Bf1 Na5 27. Bc3 fxe5 28. Bxe5 Nf6 29. Be2 Nd5 30. Re1 Nc6 31. Nf2 Qb4 32. Nd3 Bxd3 0-1

[Event "Rilton Cup 2015-16"]
[Site "Stockholm SWE"]
[Date "2016.01.02"]
[Round "6"]
[White "Golubka, Petro"]
[Black "Krantz, Christopher"]
[Result "1-0"]
[WhiteElo "2406"]
[BlackElo "2230"]
[WhiteFideId "-1"]
[BlackFideId "-1"]
[PlyCount "40"]
[GameId "2130307649609617"]
[EventDate "2015.12.27"]
[EventType "swiss"]
[EventRounds "9"]
[EventCountry "SWE"]
[SourceTitle "Mega2016 Update 14"]
[Source "Chessbase"]
[SourceDate "2016.01.08"]
[SourceVersion "1"]
[SourceVersionDate "2016.01.08"]
[SourceQuality "1"]

1. e4 e5 2. f4 d5 3. exd5 exf4 4. Nf3 Nf6 5. c4 c6 6. d4 cxd5 7. Nc3 Bd6 8. Qe2+ Be7 9. Bxf4 Nc6 10. O-O-O O-O 11. g4 Bxg4 12. Rg1 Bh5 13. Rg5 dxc4 14. Qg2 Nb4 15. Rxg7+ Kh8 16. Bh6 Rg8 17. Ne5 Qf8 18. Rxg8+ Qxg8 19. Qxb7 Bf8 20. Be3 Rb8 1-0

[Event "Rilton Cup 2015-16"]
[Site "Stockholm SWE"]
[Date "2016.01.03"]
[Round "7"]
[White "Low Zhen Yu, Cyrus"]
[Black "Golubka, Petro"]
[Result "0-1"]
[WhiteElo "2256"]
[BlackElo "2406"]
[WhiteFideId "-1"]
[BlackFideId "-1"]
[PlyCount "94"]
[GameId "2130307649613767"]
[EventDate "2015.12.27"]
[EventType "swiss"]
[EventRounds "9"]
[EventCountry "SWE"]
[SourceTitle "Mega2016 Update 14"]
[Source "Chessbase"]
[SourceDate "2016.01.08"]
[SourceVersion "1"]
[SourceVersionDate "2016.01.08"]
[SourceQuality "1"]

1. e4 e5 2. Nf3 Nc6 3. Bc4 Nf6 4. Ng5 d5 5. exd5 Na5 6. Bb5+ c6 7. dxc6 bxc6 8. Bd3 h6 9. Ne4 Nd5 10. O-O Nf4 11. Be2 Be7 12. d3 O-O 13. Nbd2 Ba6 14. Nb3 Ne6 15. Qe1 Nb7 16. Qc3 Qc7 17. Rd1 Rae8 18. Be3 c5 19. Qe1 Bb5 20. Bf3 Nd4 21. Bxd4 cxd4 22. c4 Ba4 23. Ned2 Na5 24. Qe2 Bb4 25. Rdc1 Rb8 26. Nxa5 Qxa5 27. Nf1 Bd6 28. b3 Bd7 29. c5 Bxc5 30. Qxe5 Bb6 31. Qxa5 Bxa5 32. Ng3 Bb5 33. Be2 Rfe8 34. Kf1 Bc3 35. Rab1 Rxe2 36. Kxe2 Re8+ 37. Kd1 Bxd3 38. Rxc3 dxc3 39. Rc1 c2+ 40. Kd2 Rd8 41. f3 g5 42. Ke3 f5 43. f4 Kf7 44. Ne2 gxf4+ 45. Nxf4 Be4 46. Ke2 Kf6 47. g3 Rd1 0-1

[Event "Rilton Cup 2015-16"]
[Site "Stockholm SWE"]
[Date "2016.01.04"]
[Round "8"]
[White "Golubka, Petro"]
[Black "Kolbus, Dietmar"]
[Result "1-0"]
[WhiteElo "2406"]
[BlackElo "2315"]
[WhiteFideId "-1"]
[BlackFideId "-1"]
[PlyCount "69"]
[GameId "2130307649617884"]
[EventDate "2015.12.27"]
[EventType "swiss"]
[EventRounds "9"]
[EventCountry "SWE"]
[SourceTitle "Mega2016 Update 14"]
[Source "Chessbase"]
[SourceDate "2016.01.08"]
[SourceVersion "1"]
[SourceVersionDate "2016.01.08"]
[SourceQuality "1"]

1. e4 d5 2. exd5 Qxd5 3. Nc3 Qd6 4. d4 Nf6 5. Nf3 g6 6. Nb5 Qd8 7. Bf4 Na6 8. Be5 Bg7 9. c4 c6 10. Nc3 O-O 11. Be2 c5 12. d5 b6 13. h4 Bg4 14. Ng5 Bxe2 15. Qxe2 h6 16. Nf3 Nc7 17. O-O-O Nce8 18. h5 Nxh5 19. g4 Nhf6 20. g5 hxg5 21. Nxg5 Qd7 22. f4 Qf5 23. Rdg1 Nh5 24. Rxh5 gxh5 25. d6 e6 26. Qg2 Bxe5 27. fxe5 Ng7 28. Nxe6 Qg4 29. Nxg7 Kxg7 30. Qh1 f5 31. Rxg4+ hxg4 32. Qh5 Rae8 33. d7 Rxe5 34. Qg5+ Kf7 35. Nd5 1-0

[Event "Rilton Cup 45th"]
[Site "Stockholm"]
[Date "2016.01.01"]
[Round "5"]
[White "Thompson, Ian D"]
[Black "Golubka, Petro"]
[Result "0-1"]
[WhiteElo "2187"]
[BlackElo "2406"]
[WhiteFideId "-1"]
[BlackFideId "-1"]
[PlyCount "104"]
[GameId "1166660168962048"]
[EventDate "2015.12.27"]
[EventType "swiss"]
[EventRounds "9"]
[EventCountry "SWE"]
[SourceTitle "CBM 170 Extra"]
[Source "ChessBase"]
[SourceDate "2016.02.25"]
[SourceVersion "1"]
[SourceVersionDate "2016.02.25"]
[SourceQuality "1"]

1. c4 e6 2. Nc3 d5 3. d4 c5 4. e3 Nf6 5. Nf3 Nc6 6. a3 a6 7. dxc5 Bxc5 8. b4 Ba7 9. cxd5 exd5 10. Bb2 O-O 11. Be2 Re8 12. O-O Bf5 13. b5 axb5 14. Nxb5 Bb6 15. Rc1 Ne4 16. Nbd4 Bd7 17. Nc2 Be6 18. Nb4 Na5 19. Nd4 Qg5 20. f4 Qd8 21. Bb5 Nc4 22. Rxc4 dxc4 23. Bxe8 Qxe8 24. f5 Bd7 25. Nd5 Bd8 26. Nf3 c3 27. Nxc3 Nxc3 28. Bxc3 Qxe3+ 29. Kh1 Bb5 30. Bd4 Qxa3 31. Re1 Ba5 32. Re3 Qa4 33. Qc1 Qc4 34. Qb2 f6 35. Ra3 Bc6 36. Ng1 Rd8 37. Rxa5 Qxd4 38. Qa2+ Kh8 39. Ra8 h6 40. Rxd8+ Qxd8 41. Qc2 Qd5 42. Nf3 Qa5 43. h3 Bxf3 44. gxf3 Qe1+ 45. Kg2 b5 46. f4 b4 47. Kf3 Kh7 48. Kg4 h5+ 49. Kf3 Qc3+ 50. Qxc3 bxc3 51. Ke3 g5 52. Kd3 g4 0-1

[Event "Rilton Cup 45th"]
[Site "Stockholm"]
[Date "2016.01.05"]
[Round "9"]
[White "Goganov, Aleksey"]
[Black "Golubka, Petro"]
[Result "1-0"]
[WhiteElo "2597"]
[BlackElo "2406"]
[WhiteFideId "-1"]
[BlackFideId "-1"]
[PlyCount "49"]
[GameId "1166660169572352"]
[EventDate "2015.12.27"]
[EventType "swiss"]
[EventRounds "9"]
[EventCountry "SWE"]
[SourceTitle "EXT 2017"]
[Source "ChessBase"]
[SourceDate "2016.10.25"]
[SourceVersion "1"]
[SourceVersionDate "2016.10.25"]
[SourceQuality "1"]

1. d4 d5 2. c4 e6 3. Nf3 c5 4. cxd5 exd5 5. g3 Nc6 6. Bg2 Nf6 7. O-O Be7 8. Be3 cxd4 9. Nxd4 O-O 10. Nc3 Re8 11. Rc1 Bg4 12. h3 Be6 13. Qa4 Bd7 14. Rfd1 Nb4 15. Qb3 a5 16. a4 Rc8 17. Bg5 h6 18. Bxf6 Bxf6 19. e3 Be6 20. Nce2 Qb6 21. Rxc8 Rxc8 22. Nf4 Be5 23. Ndxe6 fxe6 24. Nxd5 exd5 25. Rxd5 1-0

[Event "Lviv IM 2015.09"]
[Site "Lviv UKR"]
[Date "2015.09.28"]
[Round "1"]
[White "Lizak, Jakub"]
[Black "Golubka, Petro"]
[Result "0-1"]
[WhiteElo "2113"]
[BlackElo "2413"]
[WhiteFideId "-1"]
[BlackFideId "-1"]
[PlyCount "76"]
[GameId "2130307653042882"]
[EventDate "2015.09.28"]
[EventType "tourn"]
[EventRounds "11"]
[EventCountry "UKR"]
[EventCategory "1"]
[SourceTitle "Mega2015 Update 46"]
[Source "Chessbase"]
[SourceDate "2015.10.10"]
[SourceVersion "1"]
[SourceVersionDate "2015.10.10"]
[SourceQuality "1"]

1. e4 c5 2. Nf3 d6 3. d4 cxd4 4. Nxd4 Nf6 5. Nc3 e6 6. Be3 Be7 7. f3 O-O 8. Qd2 Nc6 9. g4 a6 10. O-O-O Nxd4 11. Qxd4 b5 12. g5 Nd7 13. h4 Rb8 14. a3 Qa5 15. Qd2 Ne5 16. f4 b4 17. Na2 Nc6 18. b3 Qxa3+ 19. Kb1 d5 20. e5 d4 21. Bf2 Bb7 22. Rg1 a5 23. Bb5 a4 24. Bxa4 Ra8 25. Qc1 Rxa4 26. bxa4 Qxa4 27. Qb2 Ra8 28. h5 Qb5 29. g6 Na5 30. gxf7+ Kxf7 31. Rxd4 Qe2 32. f5 Qxf2 33. fxe6+ Kxe6 34. Rxg7 b3 35. cxb3 Qe1+ 36. Qc1 Be4+ 37. Kb2 Ba3+ 38. Kxa3 Nc4# 0-1

[Event "Lviv IM 2015.09"]
[Site "Lviv UKR"]
[Date "2015.09.29"]
[Round "2"]
[White "Golubka, Petro"]
[Black "Vasina, Olena"]
[Result "1-0"]
[WhiteElo "2413"]
[BlackElo "2072"]
[WhiteFideId "-1"]
[BlackFideId "-1"]
[PlyCount "95"]
[GameId "2130307653042887"]
[EventDate "2015.09.28"]
[EventType "tourn"]
[EventRounds "11"]
[EventCountry "UKR"]
[EventCategory "1"]
[SourceTitle "Mega2015 Update 46"]
[Source "Chessbase"]
[SourceDate "2015.10.10"]
[SourceVersion "1"]
[SourceVersionDate "2015.10.10"]
[SourceQuality "1"]

1. e4 c5 2. Nf3 e6 3. d4 cxd4 4. Nxd4 a6 5. c4 Nf6 6. Nc3 Bb4 7. Qd3 d5 8. exd5 exd5 9. Bg5 O-O 10. O-O-O dxc4 11. Qxc4 Bxc3 12. Qxc3 Qb6 13. f3 Bd7 14. Kb1 Nd5 15. Qb3 Qg6+ 16. Bd3 Qxg5 17. h4 Qe5 18. Rhe1 Qd6 19. Nf5 Bxf5 20. Bxf5 Qf6 21. Qxd5 Nc6 22. Be4 Rad8 23. Qg5 Rxd1+ 24. Rxd1 Qe6 25. Qc5 Rd8 26. Rxd8+ Nxd8 27. Qc7 Qe8 28. a3 g6 29. h5 gxh5 30. Qg3+ Kh8 31. Qg5 Ne6 32. Qxh5 Nf8 33. Bxb7 Ng6 34. Be4 Qa4 35. Qc5 Kg7 36. g3 Qd1+ 37. Ka2 Qe1 38. Qd4+ Kg8 39. g4 Qa5 40. Bd5 Qc7 41. Bc4 a5 42. Bd5 Nf4 43. Bc4 Ng6 44. a4 Ne5 45. Bd5 Kf8 46. Qe4 Qd6 47. g5 Ke8 48. f4 1-0

[Event "Lviv IM 2015.09"]
[Site "Lviv UKR"]
[Date "2015.09.29"]
[Round "3"]
[White "Naboka, Sergey"]
[Black "Golubka, Petro"]
[Result "0-1"]
[WhiteElo "2237"]
[BlackElo "2413"]
[WhiteFideId "-1"]
[BlackFideId "-1"]
[PlyCount "84"]
[GameId "2130307653042894"]
[EventDate "2015.09.28"]
[EventType "tourn"]
[EventRounds "11"]
[EventCountry "UKR"]
[EventCategory "1"]
[SourceTitle "Mega2015 Update 46"]
[Source "Chessbase"]
[SourceDate "2015.10.10"]
[SourceVersion "1"]
[SourceVersionDate "2015.10.10"]
[SourceQuality "1"]

1. e4 c5 2. Nf3 d6 3. d4 cxd4 4. Nxd4 Nf6 5. Nc3 e6 6. Bg5 Be7 7. Bc4 h6 8. Be3 Nc6 9. f4 O-O 10. Qe2 Nxd4 11. Bxd4 a6 12. O-O-O b5 13. Bb3 b4 14. Na4 e5 15. fxe5 Bg4 16. Qc4 dxe5 17. Bxe5 Bxd1 18. Rxd1 Qa5 19. Bxf6 Bxf6 20. Rd5 Bg5+ 21. Kb1 Rad8 22. c3 Rxd5 23. cxb4 Rd1+ 24. Bxd1 Qe5 25. g3 Kh8 26. Bc2 f5 27. a3 f4 28. gxf4 Bxf4 29. Nc5 Re8 30. h3 Bg5 31. Nxa6 Bf6 32. Qb3 g5 33. b5 h5 34. b6 g4 35. hxg4 hxg4 36. Bd1 Rd8 37. b7 Rxd1+ 38. Ka2 Rd8 39. b8=Q Rxb8 40. Nxb8 g3 41. Nd7 Qxb2+ 42. Qxb2 Bxb2 0-1

[Event "Lviv IM 2015.09"]
[Site "Lviv UKR"]
[Date "2015.09.30"]
[Round "5"]
[White "Tarleva, Vira"]
[Black "Golubka, Petro"]
[Result "1/2-1/2"]
[WhiteElo "2107"]
[BlackElo "2413"]
[WhiteFideId "-1"]
[BlackFideId "-1"]
[PlyCount "71"]
[GameId "2130307653042907"]
[EventDate "2015.09.28"]
[EventType "tourn"]
[EventRounds "11"]
[EventCountry "UKR"]
[EventCategory "1"]
[SourceTitle "Mega2015 Update 46"]
[Source "Chessbase"]
[SourceDate "2015.10.10"]
[SourceVersion "1"]
[SourceVersionDate "2015.10.10"]
[SourceQuality "1"]

1. e4 c6 2. d4 d5 3. e5 Bf5 4. Nf3 e6 5. Be2 Nd7 6. O-O f6 7. c4 fxe5 8. dxe5 dxc4 9. Bxc4 Nb6 10. Be2 Qxd1 11. Rxd1 Ne7 12. Nd4 Nbd5 13. Nxf5 Nxf5 14. g4 Nh4 15. Nc3 Be7 16. Nxd5 cxd5 17. Be3 Ng6 18. Bb5+ Kf7 19. Rac1 a6 20. Be2 Rhc8 21. f4 b6 22. Rxc8 Rxc8 23. Bxa6 Ra8 24. Bb7 Rb8 25. f5 Rxb7 26. fxg6+ Kxg6 27. Rc1 Bg5 28. Kf2 Rf7+ 29. Ke2 d4 30. Bxg5 Kxg5 31. Rc6 Kf4 32. Rxe6 Ke4 33. Rd6 Kxe5 34. Rxb6 Kf4 35. Kd3 Kxg4 36. Kxd4 1/2-1/2

[Event "Lviv IM 2015.09"]
[Site "Lviv UKR"]
[Date "2015.10.01"]
[Round "6"]
[White "Golubka, Petro"]
[Black "Nesterets, Anatoliy"]
[Result "0-1"]
[WhiteElo "2413"]
[BlackElo "2422"]
[WhiteFideId "-1"]
[BlackFideId "-1"]
[PlyCount "68"]
[GameId "2130307653042911"]
[EventDate "2015.09.28"]
[EventType "tourn"]
[EventRounds "11"]
[EventCountry "UKR"]
[EventCategory "1"]
[SourceTitle "Mega2015 Update 46"]
[Source "Chessbase"]
[SourceDate "2015.10.10"]
[SourceVersion "1"]
[SourceVersionDate "2015.10.10"]
[SourceQuality "1"]

1. c4 e5 2. Nc3 Nf6 3. Nf3 Nc6 4. e3 Bb4 5. Qc2 a5 6. Nd5 Bc5 7. a3 d6 8. Bd3 Nxd5 9. cxd5 Ne7 10. Nxe5 Nxd5 11. Bb5+ Kf8 12. O-O c6 13. Be2 Bb6 14. Nf3 Qf6 15. b3 Bf5 16. Qb2 Qxb2 17. Bxb2 f6 18. Rfc1 Ke7 19. d4 Nc7 20. Nd2 d5 21. b4 axb4 22. axb4 Rxa1 23. Rxa1 Ra8 24. Rxa8 Nxa8 25. b5 cxb5 26. Bxb5 Bc2 27. Ba3+ Ke6 28. e4 Bxd4 29. Bf8 Nc7 30. Be2 dxe4 31. Bxg7 e3 32. Nc4 exf2+ 33. Kf1 Bc5 34. Bh6 Nd5 0-1

[Event "Lviv IM 2015.09"]
[Site "Lviv UKR"]
[Date "2015.10.02"]
[Round "7"]
[White "Walter, Szymon"]
[Black "Golubka, Petro"]
[Result "1/2-1/2"]
[WhiteElo "2214"]
[BlackElo "2413"]
[WhiteFideId "-1"]
[BlackFideId "-1"]
[PlyCount "60"]
[GameId "2130307653042921"]
[EventDate "2015.09.28"]
[EventType "tourn"]
[EventRounds "11"]
[EventCountry "UKR"]
[EventCategory "1"]
[SourceTitle "Mega2015 Update 46"]
[Source "Chessbase"]
[SourceDate "2015.10.10"]
[SourceVersion "1"]
[SourceVersionDate "2015.10.10"]
[SourceQuality "1"]

1. e4 c5 2. Nf3 d6 3. d4 cxd4 4. Nxd4 Nf6 5. Nc3 e6 6. g4 h6 7. Bg2 Nc6 8. h3 Nxd4 9. Qxd4 e5 10. Qd3 Be6 11. Be3 a6 12. Nd5 Bxd5 13. exd5 Be7 14. O-O-O Nd7 15. f4 exf4 16. Bxf4 Bg5 17. Qe4+ Qe7 18. Rhe1 Qxe4 19. Rxe4+ Kd8 20. c3 Re8 21. Rxe8+ Kxe8 22. Rf1 Ne5 23. Kc2 Bxf4 24. Rxf4 Kd7 25. Rd4 Kc7 26. Re4 f6 27. Bf1 Rh8 28. Be2 Rf8 29. Rf4 Re8 30. Re4 Rf8 1/2-1/2

[Event "Lviv IM 2015.09"]
[Site "Lviv UKR"]
[Date "2015.10.02"]
[Round "8"]
[White "Golubka, Petro"]
[Black "Shkuran, Daniil"]
[Result "1/2-1/2"]
[WhiteElo "2413"]
[BlackElo "2433"]
[WhiteFideId "-1"]
[BlackFideId "-1"]
[PlyCount "60"]
[GameId "2130307653042923"]
[EventDate "2015.09.28"]
[EventType "tourn"]
[EventRounds "11"]
[EventCountry "UKR"]
[EventCategory "1"]
[SourceTitle "Mega2015 Update 46"]
[Source "Chessbase"]
[SourceDate "2015.10.10"]
[SourceVersion "1"]
[SourceVersionDate "2015.10.10"]
[SourceQuality "1"]

1. e4 c6 2. d4 d5 3. Nc3 dxe4 4. Nxe4 Nd7 5. Ng5 Ngf6 6. Bc4 e6 7. Bb3 Bd6 8. Qe2 Qe7 9. N1f3 h6 10. Ne4 Nxe4 11. Qxe4 c5 12. c3 cxd4 13. cxd4 Bb4+ 14. Bd2 Bxd2+ 15. Nxd2 O-O 16. O-O Nf6 17. Qe5 Rd8 18. Rac1 Qd6 19. Nf3 Qxe5 20. dxe5 Ne8 21. Rfd1 Bd7 22. h3 Kf8 23. Nd4 Ke7 24. f3 Rac8 25. Rxc8 Rxc8 26. Kf2 Nc7 27. Ke3 Nb5 28. Nxb5 Bxb5 29. h4 Rd8 30. Rxd8 Kxd8 1/2-1/2

[Event "Lviv IM 2015.09"]
[Site "Lviv UKR"]
[Date "2015.10.03"]
[Round "9"]
[White "Bondarets, Vadim"]
[Black "Golubka, Petro"]
[Result "1/2-1/2"]
[WhiteElo "2289"]
[BlackElo "2413"]
[WhiteFideId "-1"]
[BlackFideId "-1"]
[PlyCount "60"]
[GameId "2130307653047025"]
[EventDate "2015.09.28"]
[EventType "tourn"]
[EventRounds "11"]
[EventCountry "UKR"]
[EventCategory "1"]
[SourceTitle "Mega2015 Update 46"]
[Source "Chessbase"]
[SourceDate "2015.10.10"]
[SourceVersion "1"]
[SourceVersionDate "2015.10.10"]
[SourceQuality "1"]

1. e4 e5 2. Bc4 Nc6 3. Nc3 Nf6 4. d3 Bb4 5. a3 Bxc3+ 6. bxc3 d5 7. exd5 Nxd5 8. Bd2 O-O 9. Ne2 Be6 10. O-O a6 11. a4 b6 12. Ng3 Qd7 13. Qf3 f6 14. Rfe1 Rfe8 15. Ne4 Kh8 16. h3 Nce7 17. Ng3 b5 18. axb5 axb5 19. Rxa8 Rxa8 20. Bb3 c6 21. Ne4 Bf5 22. Nc5 Qa7 23. d4 Bg6 24. Qg4 Bf5 25. Qf3 Bg6 26. Qg4 Bf5 27. Qf3 Rd8 28. Qg3 Rf8 29. Qh4 exd4 30. cxd4 Ng6 1/2-1/2

[Event "Lviv IM 2015.09"]
[Site "Lviv UKR"]
[Date "2015.10.03"]
[Round "10"]
[White "Golubka, Petro"]
[Black "Andersen, Alf Roger"]
[Result "1/2-1/2"]
[WhiteElo "2413"]
[BlackElo "2178"]
[WhiteFideId "-1"]
[BlackFideId "-1"]
[PlyCount "65"]
[GameId "2130307653047031"]
[EventDate "2015.09.28"]
[EventType "tourn"]
[EventRounds "11"]
[EventCountry "UKR"]
[EventCategory "1"]
[SourceTitle "Mega2015 Update 46"]
[Source "Chessbase"]
[SourceDate "2015.10.10"]
[SourceVersion "1"]
[SourceVersionDate "2015.10.10"]
[SourceQuality "1"]

1. e4 e6 2. d4 d5 3. Nd2 Nf6 4. e5 Nfd7 5. Bd3 c5 6. c3 Nc6 7. Ne2 cxd4 8. cxd4 f6 9. exf6 Nxf6 10. Nf3 Bd6 11. O-O Qc7 12. g3 O-O 13. Bf4 Bd7 14. Qd2 Rae8 15. Rac1 Nh5 16. Bxd6 Qxd6 17. Qg5 Nf6 18. Ne5 Ne4 19. Qe3 Nxe5 20. dxe5 Qxe5 21. f3 Qg5 22. Qxg5 Nxg5 23. f4 Ne4 24. Rc7 Bc6 25. Nd4 Rf7 26. Rxf7 Kxf7 27. Rc1 Kf6 28. Nf3 h6 29. Ne5 g5 30. Bxe4 dxe4 31. Kf2 gxf4 32. gxf4 Rg8 33. Nxc6 1/2-1/2

[Event "Lviv IM 2015.09"]
[Site "Lviv UKR"]
[Date "2015.10.04"]
[Round "11"]
[White "Anwesh, Upadhyaya"]
[Black "Golubka, Petro"]
[Result "1/2-1/2"]
[WhiteElo "2412"]
[BlackElo "2413"]
[WhiteFideId "-1"]
[BlackFideId "-1"]
[PlyCount "61"]
[GameId "2130307653047037"]
[EventDate "2015.09.28"]
[EventType "tourn"]
[EventRounds "11"]
[EventCountry "UKR"]
[EventCategory "1"]
[SourceTitle "Mega2015 Update 46"]
[Source "Chessbase"]
[SourceDate "2015.10.10"]
[SourceVersion "1"]
[SourceVersionDate "2015.10.10"]
[SourceQuality "1"]

1. d4 d5 2. Nf3 e6 3. c4 c5 4. e3 Nc6 5. a3 Nf6 6. Nc3 a6 7. cxd5 exd5 8. Bd3 Bg4 9. dxc5 Bxc5 10. h3 Bxf3 11. Qxf3 O-O 12. O-O Ne5 13. Qe2 Nxd3 14. Qxd3 d4 15. exd4 Qxd4 16. Qf3 b5 17. Be3 Qe5 18. Rfe1 Bxe3 19. Qxe3 Qxe3 20. Rxe3 Rad8 21. Kf1 Nd5 22. Nxd5 Rxd5 23. Rc1 Rd6 24. Rec3 g6 25. Rc6 Rfd8 26. Rxd6 Rxd6 27. Ke2 Kf8 28. Rc7 h5 29. h4 Kg7 30. g3 Kf6 31. Rc3 1/2-1/2

[Event "Kesarovski Georgiev Memorial 14th"]
[Site "Sunny Beach"]
[Date "2015.09.07"]
[Round "3"]
[White "Fernandez, Daniel Howard"]
[Black "Golubka, Petro"]
[Result "1/2-1/2"]
[WhiteElo "2474"]
[BlackElo "2413"]
[WhiteFideId "-1"]
[BlackFideId "-1"]
[PlyCount "76"]
[GameId "1166659774955520"]
[EventDate "2015.09.05"]
[EventType "swiss"]
[EventRounds "9"]
[EventCountry "BUL"]
[SourceTitle "EXT 2016"]
[Source "ChessBase"]
[SourceDate "2015.10.08"]
[SourceVersion "1"]
[SourceVersionDate "2015.10.08"]
[SourceQuality "1"]

1. d4 d5 2. Nf3 e6 3. c4 c5 4. cxd5 exd5 5. g3 Nc6 6. Bg2 Nf6 7. O-O Be7 8. dxc5 Bxc5 9. a3 O-O 10. b4 Bb6 11. Bb2 Re8 12. Nc3 Bf5 13. e3 Qd7 14. Na4 Ne4 15. Nxb6 axb6 16. Qb3 Rad8 17. Nh4 Bh3 18. f3 Ng5 19. Rad1 Bxg2 20. Nxg2 Qf5 21. Nf4 d4 22. exd4 Nh3+ 23. Nxh3 Qxh3 24. Rfe1 Rxe1+ 25. Rxe1 Qd7 26. Qe3 f6 27. Kf2 Qd5 28. Qe6+ Qxe6 29. Rxe6 Kf7 30. Re4 Ne7 31. Ke2 b5 32. Kd3 h5 33. Re2 Rc8 34. f4 g6 35. h3 Nd5 36. Re4 Rh8 37. Bc1 Rc8 38. Bb2 Rh8 1/2-1/2

[Event "Kesarovski Georgiev mem."]
[Site "Sunny Beach BUL"]
[Date "2015.09.05"]
[Round "1"]
[White "Ivelinov, Hristo"]
[Black "Golubka, Petro"]
[Result "0-1"]
[WhiteElo "2209"]
[BlackElo "2413"]
[WhiteFideId "-1"]
[BlackFideId "-1"]
[PlyCount "62"]
[GameId "2130307654636743"]
[EventDate "2015.09.05"]
[EventType "swiss"]
[EventRounds "9"]
[EventCountry "BUL"]
[SourceTitle "Mega2015 Update 43"]
[Source "Chessbase"]
[SourceDate "2015.09.18"]
[SourceVersion "1"]
[SourceVersionDate "2015.09.18"]
[SourceQuality "1"]

1. d4 d5 2. c4 e6 3. Nc3 c5 4. cxd5 exd5 5. Nf3 Nc6 6. g3 Nf6 7. Bg2 Be7 8. O-O O-O 9. Be3 c4 10. Ne5 Be6 11. h3 Qb6 12. Nxc4 dxc4 13. d5 Qxb2 14. Na4 Qe5 15. dxe6 Qxe6 16. Nc5 Bxc5 17. Bxc5 Rfd8 18. Qc2 b6 19. Qa4 Rac8 20. Ba3 Ne4 21. Rac1 Nd4 22. Rfe1 Qf5 23. Bxe4 Qxe4 24. Kh2 a5 25. Rc3 Qf5 26. f4 Qb5 27. Qxb5 Nxb5 28. Re3 c3 29. Bc1 c2 30. Kg1 Rd1 31. Kf2 Nc3 0-1

[Event "Kesarovski Georgiev mem."]
[Site "Sunny Beach BUL"]
[Date "2015.09.06"]
[Round "2"]
[White "Golubka, Petro"]
[Black "Kozhuharov, Spas"]
[Result "1/2-1/2"]
[WhiteElo "2413"]
[BlackElo "2458"]
[WhiteFideId "-1"]
[BlackFideId "-1"]
[PlyCount "56"]
[GameId "2130307654636761"]
[EventDate "2015.09.05"]
[EventType "swiss"]
[EventRounds "9"]
[EventCountry "BUL"]
[SourceTitle "Mega2015 Update 43"]
[Source "Chessbase"]
[SourceDate "2015.09.18"]
[SourceVersion "1"]
[SourceVersionDate "2015.09.18"]
[SourceQuality "1"]

1. d4 Nf6 2. c4 g6 3. Nc3 d5 4. Nf3 Bg7 5. Qb3 dxc4 6. Qxc4 O-O 7. e4 a6 8. e5 b5 9. Qb3 Nfd7 10. e6 fxe6 11. Be3 Nf6 12. a4 b4 13. Qxb4 Qd6 14. Qb3 Nc6 15. Be2 Rb8 16. Qc2 Qb4 17. Rb1 Nd5 18. O-O Nxd4 19. Bxd4 Bxd4 20. Nxd4 Qxd4 21. Rbd1 Qc5 22. Bd3 Nf4 23. Be4 Bb7 24. Rd2 Qg5 25. g3 Nh3+ 26. Kg2 Nf4+ 27. Kg1 Nh3+ 28. Kg2 Nf4+ 1/2-1/2

[Event "Kesarovski Georgiev mem."]
[Site "Sunny Beach BUL"]
[Date "2015.09.08"]
[Round "4"]
[White "Golubka, Petro"]
[Black "Michna, Marta"]
[Result "1/2-1/2"]
[WhiteElo "2413"]
[BlackElo "2398"]
[WhiteFideId "-1"]
[BlackFideId "-1"]
[PlyCount "41"]
[GameId "2130307654640893"]
[EventDate "2015.09.05"]
[EventType "swiss"]
[EventRounds "9"]
[EventCountry "BUL"]
[SourceTitle "Mega2015 Update 43"]
[Source "Chessbase"]
[SourceDate "2015.09.18"]
[SourceVersion "1"]
[SourceVersionDate "2015.09.18"]
[SourceQuality "1"]

1. e4 e6 2. d4 d5 3. Nc3 Nf6 4. Bg5 Bb4 5. e5 h6 6. Bd2 Bxc3 7. bxc3 Ne4 8. Qg4 g6 9. Bd3 Nxd2 10. Kxd2 c5 11. h4 Nc6 12. Nf3 Bd7 13. Rhb1 c4 14. Be2 Qc7 15. Qf4 f5 16. g4 fxg4 17. Qxg4 O-O-O 18. Rb2 Rde8 19. Qg3 g5 20. a4 gxh4 21. Qxh4 1/2-1/2

[Event "Kesarovski Georgiev mem."]
[Site "Sunny Beach BUL"]
[Date "2015.09.09"]
[Round "5"]
[White "Bernadskiy, Vitaliy"]
[Black "Golubka, Petro"]
[Result "1-0"]
[WhiteElo "2553"]
[BlackElo "2413"]
[WhiteFideId "-1"]
[BlackFideId "-1"]
[PlyCount "97"]
[GameId "2130307654640908"]
[EventDate "2015.09.05"]
[EventType "swiss"]
[EventRounds "9"]
[EventCountry "BUL"]
[SourceTitle "Mega2015 Update 43"]
[Source "Chessbase"]
[SourceDate "2015.09.18"]
[SourceVersion "1"]
[SourceVersionDate "2015.09.18"]
[SourceQuality "1"]

1. e4 c5 2. Nf3 e6 3. d4 cxd4 4. Nxd4 a6 5. c4 Qc7 6. Nc3 Nf6 7. a3 b6 8. Be3 Bb7 9. f3 d6 10. Be2 Be7 11. O-O O-O 12. Rc1 Nbd7 13. b4 Rac8 14. Qd2 Qb8 15. Rc2 h6 16. Rb1 Bd8 17. Na4 Bc7 18. Kh1 Rfe8 19. b5 a5 20. Nc6 Qa8 21. Nc3 Nc5 22. Rcb2 Nfd7 23. Rd1 e5 24. Nd5 Bxc6 25. bxc6 Qxc6 26. Nxc7 Rxc7 27. Qxd6 Qxd6 28. Rxd6 Re6 29. Bxc5 Nxc5 30. Rxe6 Nxe6 31. Rxb6 Rd7 32. Rb2 Nf4 33. Bf1 Rd1 34. Kg1 f6 35. Rb8+ Kf7 36. Ra8 Rc1 37. Rxa5 h5 38. Ra7+ Kg6 39. h4 Kh6 40. a4 g5 41. hxg5+ fxg5 42. Ra6+ Kg7 43. Rb6 g4 44. fxg4 hxg4 45. Rb5 Nh5 46. Rb3 Nf4 47. Re3 Kf7 48. c5 Rxc5 49. Kf2 1-0